000 00710nam a2200253Ia 4500
003 OSt
005 20220924123419.0
006 a|||||r|||| 00| 0
007 ta
008 220923b |||||||| |||| 00| 0 urd d
020 _c10
024 _a323327
037 _cTextual
040 _aARTS
_cARTS
_burd
041 _2urd
_aurd
082 _aV27136.N7, 168M3
100 _aSahil Mohammad Sharfuddin Au.
_9192711
245 0 _aTareekh-e-Nagpur
260 _aNagpur
_bMohammad Sharfuddin Sahil India
_c1983
300 _a120p.
_ccm.
650 _aNAGPUR - HISTORY
_940837
942 _hV27136.N7, 168M3
_cTEXL
_2CC
999 _c415591
_d415591